000 00345 a2200169 4500
001 191675
020 _a978-85-7153-341-7
040 _cMagnum
100 _aLanznaster, Roberto
240 1 0 _aImaginarium
_lpor
245 1 0 _aImaginarium
300 _a120
362 0 _a2014
440 1 _aRHJ
697 _aLITERATURA JUVENIL
942 _cBK
999 _c191675
_d191675